Bienvenue à la Médiathèque de Saint-Andiol
banniere
Accueil Recherche avancée Mon compte
handi1 Rechercher dans le catalogue

Filtre   Mots-clés
  Recherche avancée
 
Lister les dernières nouveautés
 
Lister les livres GROS CARACTERES
 
Lister les périodiques (magazines)

handi1 Filles à papa

Book Cover
Auteur principal : Nob
Titre : Filles à papa
Support : Livres
Langue : Francais
Publié : DL 2015 Dupuis Paris
Series : Dad
Genre : Bande Dessinée (enfants)
Collection : Dad
Sujets :
Étiquettes :
Pas de tags
LEADER 01238nam0a2200205 450
001 16868367
010 |a 978-2-8001-6345-1  |b rel.  |d 12,95 € 
100 |a 20260529d2026 u u0frey01 ba 
101 0 |a fre 
102 |a BE 
200 0 |a Filles à papa  |f Nob 
207 1 |a   
210 |a Paris  |b 57, bd de La Villette  |c Dupuis  |d DL 2015 
215 |a 1 vol. (48 p.)  |c ill. en coul.  |d 30 cm 
225 1 |a Dad  |v 1 
330 |a Père célibataire au foyer, c'est un boulot à plein temps, et ce n'est pas Dad qui va prétendre le contraire ! Surtout avec quatre filles au caractère bien trempé, et pas vraiment du genre à s'écraser devant leur éternel ado de père... Entre Pandora l'intello, Ondine la volcanique, Roxane l'espiègle et Bébérenice la petite dernière, ce comédien au chômage a trouvé le rôle de sa vie : celui de s'occuper de sa famille sans rien perdre de sa propre jeunesse. Une chronique moderne, tendre et ironique de Nob, l'auteur de Mamette, qui nous offre des tranches de vie pleines d'humour et de vécu loin des idées reçues. 
461 0 |t Dad  |v 1 
700 0 |a Nob  |f 1973-....  |4 70 
900 |a Bande Dessinée (enfants) 
995 |a Médiathèque  |c Médiathèque  |f 089021927  |h 089021927  |k BD DAD  |o p  |q j  |r az  |e Médiathèque